Rukovodstvo po modernizaciji tamožennoj služby
Gespeichert in:
| Weitere Verfasser: | , |
|---|---|
| Format: | Buch |
| Sprache: | Russisch |
| Veröffentlicht: |
Moskva
Izdatel'stvo Ves' Mir
2007
|
| Schriftenreihe: | Serija Torgovlja i razvitije
|
| Schlagworte: | |
| Tags: |
Keine Tags, Fügen Sie das erste Tag hinzu!
|
MARC
| LEADER | 00000nam$a2200000$$$4500 | ||
|---|---|---|---|
| 001 | 0059857 | ||
| 005 | 20240912131440.2 | ||
| 020 | |a 9-785-7777-0236-4 | ||
| 041 | 0 | |a rus | |
| 044 | |a RU | ||
| 245 | 1 | 0 | |a Rukovodstvo po modernizaciji tamožennoj služby |c pod redakcijej Ljuka de Vuľfa i Chose B. Sokola ; perevod: G. P. Bljablin ... [et al.] |
| 264 | 1 | |a Moskva |b Izdatel'stvo Ves' Mir |c 2007 | |
| 300 | |a 299 s. | ||
| 490 | 1 | |a Serija Torgovlja i razvitije | |
| 830 | 0 | |a Serija Torgovlja i razvitije | |
| 610 | 2 | 0 | |a clá |
| 610 | 2 | 0 | |a colníctvo |
| 610 | 2 | 0 | |a služba verejná |
| 610 | 2 | 0 | |a modernizácia |
| 610 | 2 | 0 | |a reformy |
| 610 | 2 | 0 | |a obchod |
| 610 | 2 | 0 | |a integrácia |
| 610 | 2 | 0 | |a liberalizácia |
| 610 | 2 | 0 | |a oceňovanie |
| 610 | 2 | 0 | |a tovar |
| 610 | 2 | 0 | |a predpisy colné |
| 610 | 2 | 0 | |a poplatky colné |
| 610 | 2 | 0 | |a porovnanie medzinárodné |
| 610 | 2 | 0 | |a politika colná |
| 700 | 1 | |a De Wulf, Luc | |
| 700 | 1 | |a Sokol, José B. | |